CHP programında tarım: (Record no. 8264)

MARC details
000 -BAŞLIK
Sabit Uzunlukta Kontrol Alanı 01083na a2200325 4500
999 ## - SİSTEM KONTROL NUMARALARI (KOHA)
Koha Biblionumber 8264
Koha Biblioitemnumber 8264
001 - KONTROL NUMARASI
Denetim Alanı 19651
003 - KONTROL NUMARASI IDENTIFIER
Denetim Alanı MIRAKIL
005 - SON İŞLEM TARİHİ VE ZAMANI
Denetim Alanı 20200225161459.0
008 - SABİT-BOY VERİ ELEMANLARI - GENEL BİLGİLER
Sabit Uzunlukta Kontrol Alanı 170124b tu 000 0
035 ## - SİSTEM KONTROL NUMARASI
Sistem Kontrol Numarası 19651
040 ## - KATALOGLAMA KAYNAK
Orijinal Kataloglama Ajansı Milas
Kataloglama Dili tur
Metne Dönüştürmek Ajansı TR-AnCHP
041 ## - DİL KODU
Metin / Ses Parça Veya Ayrı Başlığın Dil Kodu tur
082 ## - DEWEY ONLU SINIFLANDIRMA NUMARASI
Sınıflandırma Numarası CHP 338.1
Ürün Numarası C36t [2001?]
090 ## - SINIFLAMA NUMARASI
Sınıflama Numarası BROŞÜR 74
110 ## - ANA GİRİŞ - KURUMSAL ADI
Giriş Elemanı Olarak Kurumsal Ad Veya Yargı Alanı Adı Cumhuriyet Halk Partisi (CHP)
Alt Birim Tarım Masası
222 ## - ANAHTAR ADI
Anahtar Başlık Tarım raporları
222 ## - ANAHTAR ADI
Anahtar Başlık CHP tarım
245 ## - BAŞLIK TABLOSU
Başlık CHP programında tarım:
Başlığın Kalan Ankara, Nisan 2000/
Sorumluluk Tablosu, Vb Cumhuriyet Halk Partisi Tarım Masası.
260 ## - YAYIN, DAĞITIM, VB
Yayın, Dağıtım, Vb Yeri Ankara:
Yayıncı, Dağıtıcı, Vs Adı CHP Genel Merkezi Tarım Masası,
Yayın, Dağıtım, Vb Tarihi 2000.
300 ## - FİZİKSEL TANIM
Kapsam 24 s.:
Boyutlar 21 sm.
440 ## - SERİSİ TABLOSU / KATMA GİRİŞİ - BAŞLIK
Başlık Cumhuriyet Halk Partisi yayınları
Bir İşin Parçası / Bölümün İsmi Raporlar
610 ## - KONU KATMA GİRİŞ - TOPLANTI ADI
Giriş Elemanı Olarak Kurumsal Ad Veya Yargı Alanı Adı CHP
Genel Alt Bölüm Tarım sorunları
Kronolojik Alt Bölüm Çözüm önerileri
610 ## - KONU KATMA GİRİŞ - TOPLANTI ADI
Giriş Elemanı Olarak Kurumsal Ad Veya Yargı Alanı Adı CHP
Genel Alt Bölüm Programlar, 2000
Kronolojik Alt Bölüm Tarım
610 ## - KONU KATMA GİRİŞ - TOPLANTI ADI
Giriş Elemanı Olarak Kurumsal Ad Veya Yargı Alanı Adı CHP
Genel Alt Bölüm Propaganda ve ideolojiler
Kronolojik Alt Bölüm Tarım politikaları
830 ## - SERİSİ EKLENDİ GİRİŞ - ÜNİFORM ADI
Üniforma Başlık CHP raporları
856 ## - ELEKTRONİK YER VE ERİŞİM
Kamu Notu Dijital Nüshası için Partimizin Kütüphane Sorumlusu ile iletişime geçiniz.
942 ## - EKLENDİ GİRİŞ ELEMANLARI (KOHA)
Sınıflandırma Veya Raf Düzeni Kaynak Dewey Decimal Classification
Koha Öğesi Türü Visual Material
999 ## - SİSTEM KONTROL NUMARALARI (KOHA)
Koha Biblioitemnumber 8264
Holdings
Kullanım Kısıtlamaları Kalıcı Konum Mevcut Konum Edinme Tarihi Edinim Kaynak Kodlu Konum Eleme Toplam Check-Out'Lar Tam Çağrı Numarası Barkod Tarih Son Görülme Kopya Sayısı İtibaren Geçerli Fiyatlar Koha Öğesi Türü
Kütüphane dışına çıkarılamaz CHP Kütüphanesi CHP Kütüphanesi 12/21/2016 Bağış BROŞÜRLER   BROŞÜR 74 011207 12/21/2016 k.14 12/21/2016 Visual Material